000 00536cab a22001695a 4500
001 L158774
008 150717e2015 xxk 000 0 eng d
035 _a(Sirsi) u158774
041 0 _aeng
100 1 _aStewart, Graham
245 0 0 _aGetting real
490 _aConstruction news BIM insert
_v (7409) 17 July 2015, (14-15)
520 _aWhile many firms set out BIM's benefits on paper, more real-world examples need to be put to clients. Graham Stewart reports.
651 4 _aUnited Kingdom
_y
690 _aBIM
_96219
942 _n0
999 _c84692
_d84692